000 00292nam a2200145Ia 4500
100 _aPhillips/Dusty
650 _aPython
942 _cRB
245 _aPython 3 object oriented programming
260 _bPACKT
_c2018
082 _bPHI
300 _a452
546 _aENGLISH
999 _c18492
_d18492